000 00517nam a2200193Ia 4500
005 20250326142839.0
008 250326s9999 xx 000 0 und d
020 _a0-14-028718-3
037 _aTextbook
040 _aFMSL
_beng
_cFMSL
041 _aeng
_2eng
084 _aX.44 N9
_qFMSL
100 _aDesai Ashok V
_920825
245 0 _aPrice of onions
_cDesai Ashok V
260 _aNew Delhi
_bNew Delhi, Penguins
_c1999
300 _axvii,218
942 _cTB
_hX.44 N9
999 _c1296919
_d1296919